000 01133nam a2200253 a 4500
001 000000657
003 DO-SdBNP
005 20240412144215.0
008 090331s2004 dr 000 0 spa d
040 _aDO-SdBNP
_bspa
_cBNPHU
082 _a972.93
_bP418
_222
245 0 0 _aPensantes /
_ceditora, Ángela Hernández.
260 _aSanto Domingo :
_bEdiciones Calíope,
_c2004.
300 _a222 p. ;
_c23 cm.
505 0 _tÁngela Hernández, acerca de pensantes --
_tMary Ely Peña Gratereaux, a modo de prólogo --
_tVertientes de la cultura --
_tHistoria y cotidianidad --
_tPosición social de la mujer y transgresión de cánones.
590 _aInventariado, 2020/BT
650 4 _aCultura
_zRepública Dominicana
_vEnsayos, conferencias, etc.
_92200
650 4 _aMujeres como autoras
_zRepública Dominicana
_vEnsayos, conferencias, etc.
_92201
651 4 _aRepública Dominicana
_xCivilización
_vEnsayos, conferencias, etc.
_92202
651 4 _aRepública Dominicana
_xHistoria
_vEnsayos, conferencias, etc.
_92203
700 1 _aHernández, Ángela,
_d1954-
_92564
910 _aValidado. Control de calidad MFF
942 _2ddc
_cLF1
999 _c654
_d654